000 00907nam a2200265 a 4500
999 _c6977
_d6977
003 OCoLC
005 20201120145926.0
008 030404t20022002sz a b i001 0 eng
020 _a92-4-154551-8
040 _aDDC
_cDDC
_dTSSD
245 0 0 _aSummary measures of population health :
_bConcepts, ethics, measurement and applications /
_cChristopher J.L. Murray [et al.]
264 1 _aGeneva :
_bWorld Health Organization,
_cc2002
300 _axxviii, 770 p. :
_bills. ;
_c24 cm
504 _aIncludes bibliographical references and index
650 0 _aHealth status indicators
650 0 _aMedical ethics
650 1 2 _aHealth Status Indicators
650 1 2 _aSystems Theory
650 2 2 _aEthical Analysis
650 2 2 _aPopulation Surveillance
_xmethods
650 2 2 _aStatistics as Topic
_xmethods
700 1 _aMurray, Christopher J. L
710 2 _aWorld Health Organization
942 _2ddc
_cBOOK